000 00571nam a2200229Ia 4500
003 OSt
005 20220924145917.0
006 a|||||r|||| 00| 0
007 ta
008 220923b |||||||| |||| 00| 0 tel d
024 _a330840
037 _cTextual
040 _aARTS
_cARTS
_btel
041 _2tel
_atel
082 _aO168,1L96:g, 35K9
100 _aSadasiva Au.
_9220847
245 0 _aMirjagalib
260 _c1969
650 _aURDU LITERATURE
942 _hO168,1L96:g, 35K9
_cTEXL
_2CC
999 _c461585
_d461585